[Event "45th Capablanca Mem Open"]
[Site "Havana CUB"]
[Date "2010.06.12"]
[Round "3"]
[White "Castellanos Sanchez,C"]
[Black "Fernandez Garcia,JoseL1"]
[Result "1/2-1/2"]
[WhiteElo "2299"]
[BlackElo "2430"]
[EventDate "2010.06.10"]

1. e4 Nf6 2. e5 Nd5 3. Nc3 c6 4. Nf3 d6 5. Nxd5 cxd5 6. d4 Nc6 7. Be2 Bg4
8. exd6 e6 9. O-O Bxd6 10. Re1 Qc7 11. h3 Bxf3 12. Bxf3 O-O 13. a4 a6 14.
Be2 Rab8 15. c3 Bh2+ 16. Kh1 Bf4 17. Bd3 b5 18. axb5 axb5 19. b4 Bxc1 20.
Rxc1 Rb7 21. Re3 Qf4 22. Rc2 g6 23. Qe2 Na7 24. g3 Qb8 25. h4 Nc8 26. h5
Nd6 27. Qf3 Qd8 28. Qf4 Ne8 29. Kg2 Qf6 30. Qg4 Qg7 31. hxg6 hxg6 32. Ra2
Nc7 33. Re5 Ra8 34. Rxa8+ Nxa8 35. Qh4 Nc7 36. Re1 Ra7 37. Qf4 Rb7 38. Ra1
Qf8 39. Rh1 Qe7 40. Qe5 f6 41. Qe3 Qf7 42. Qf4 Ne8 43. Ra1 g5 44. Qe3 Nc7
45. g4 Rb6 46. Rh1 Rc6 47. Rh5 e5 48. Bf5 Ne6 49. Bxe6 Rxe6 50. Qf3 Qd7 51.
Qf5 exd4 52. Rh7 1/2-1/2

[Event "45th Capablanca Mem Open"]
[Site "Havana CUB"]
[Date "2010.06.12"]
[Round "3"]
[White "Ris,R"]
[Black "Hernandez Fernandez,Ra"]
[Result "1/2-1/2"]
[WhiteElo "2426"]
[BlackElo "2301"]
[EventDate "2010.06.10"]

1. d4 Nf6 2. c4 g6 3. Nc3 Bg7 4. e4 d6 5. Bd3 O-O 6. Nge2 Nc6 7. O-O e5 8.
d5 Ne7 9. Ng3 a5 10. h3 Nd7 11. Bg5 Nc5 12. Bc2 b6 13. Qd2 f6 14. Be3 f5
15. exf5 Nxf5 16. Nxf5 Bxf5 17. Bxc5 bxc5 18. Be4 Qh4 19. Rae1 Rf7 20. Qd3
Raf8 21. Qg3 Qd8 22. b3 Kh8 23. Qd3 Qh4 24. Qg3 Qd8 25. Qe3 Qh4 1/2-1/2

[Event "45th Capablanca Mem Open"]
[Site "Havana CUB"]
[Date "2010.06.12"]
[Round "3"]
[White "Morales Romero,R"]
[Black "Borges Feria,Y"]
[Result "0-1"]
[WhiteElo "2277"]
[BlackElo "2426"]
[EventDate "2010.06.10"]

1. d4 Nf6 2. Nf3 e6 3. c4 b6 4. g3 Bb7 5. Bg2 Bb4+ 6. Bd2 c5 7. O-O O-O 8.
Bxb4 cxb4 9. Nbd2 Qc7 10. Ne1 Bxg2 11. Kxg2 d6 12. Nd3 a5 13. Rc1 e5 14. e3
Re8 15. Qa4 exd4 16. exd4 Nc6 17. Nf3 Re4 18. d5 Nd4 19. Nxd4 Rxd4 20. Nxb4
b5 21. Qa3 Rxc4 22. b3 Rxc1 23. Rxc1 Qd7 24. Re1 h5 25. h4 Qb7 26. Nc2
Qxd5+ 27. Kg1 Ng4 28. Qc1 Rc8 29. Re2 Ne5 30. f4 Qd3 31. Qe3 Rxc2 32. Qxd3
Rc1+ 0-1

[Event "45th Capablanca Mem Open"]
[Site "Havana CUB"]
[Date "2010.06.12"]
[Round "3"]
[White "Olivera Medrano,J"]
[Black "Pazos Gambarrotti,P"]
[Result "1/2-1/2"]
[WhiteElo "2396"]
[BlackElo "2296"]
[EventDate "2010.06.10"]

1. d4 Nf6 2. Nf3 e6 3. Bg5 d5 4. e3 Be7 5. c4 O-O 6. Nc3 Nbd7 7. cxd5 exd5
8. Bd3 c6 9. O-O Re8 10. Qc2 Nf8 11. Rab1 a5 12. a3 g6 13. b4 axb4 14. axb4
Ne6 15. Bh4 Ng7 16. b5 Nf5 17. Bg5 Ng4 18. Bxe7 Rxe7 19. Rfc1 cxb5 20. Rxb5
Nf6 21. Bxf5 Bxf5 22. Qb3 Qc8 23. Rc5 Qe8 24. Nxd5 Nxd5 25. Qxd5 Be4 26.
Qb3 Bxf3 27. gxf3 Qd7 28. Kg2 Ra6 29. Rd5 Rd6 30. Rb5 h5 31. Rb1 Rf6 32.
Qd5 Qc6 33. Rc5 Qxd5 34. Rxd5 Rc6 35. Rdb5 Rc2 36. Rxb7 Rxe3 37. Rc7 Ree2
38. Rxc2 Rxc2 39. Rd1 Kf8 40. Rd3 Ke7 41. f4 Kd6 42. Kf3 Rc1 43. Ke4 Rf1
44. Rd2 Re1+ 45. Kf3 Rh1 46. Kg2 Re1 47. f5 Kd5 48. fxg6 fxg6 49. f3 g5 50.
h3 Rb1 1/2-1/2

[Event "45th Capablanca Mem Open"]
[Site "Havana CUB"]
[Date "2010.06.12"]
[Round "3"]
[White "Leyva Rivera,Y"]
[Black "Infante,M"]
[Result "1-0"]
[WhiteElo "2384"]
[BlackElo "2277"]
[EventDate "2010.06.10"]

1. d4 d5 2. c4 c6 3. Nf3 Nf6 4. e3 Bg4 5. Nc3 e6 6. h3 Bxf3 7. Qxf3 Bb4 8.
Bd3 O-O 9. O-O Nbd7 10. Qd1 Bd6 11. Qb3 Rb8 12. Rd1 Qe7 13. Qc2 dxc4 14.
Bxc4 e5 15. dxe5 Nxe5 16. Be2 Ng6 17. b3 Rbd8 18. Bb2 Ba3 19. Bxa3 Qxa3 20.
Rxd8 Rxd8 21. Rd1 Qe7 22. g3 Nf8 23. Kg2 Rxd1 24. Qxd1 Ne6 25. Bc4 g6 26.
a4 Nc7 27. Qd4 c5 28. Qd3 b6 29. f4 Qd7 30. Qxd7 Nxd7 31. e4 Kf8 32. e5 Ke7
33. Kf3 Nb8 34. Nb5 Nxb5 35. axb5 Nd7 36. Ke4 Nf8 37. g4 h6 38. f5 gxf5+
39. gxf5 Nh7 40. h4 Nf8 41. f6+ Ke8 42. Kf5 h5 43. Bd5 1-0

[Event "45th Capablanca Mem Open"]
[Site "Havana CUB"]
[Date "2010.06.12"]
[Round "3"]
[White "Juarez Flores,C"]
[Black "Alonso Bouza,Julio"]
[Result "1/2-1/2"]
[WhiteElo "2374"]
[BlackElo "2268"]
[EventDate "2010.06.10"]

1. d4 Nf6 2. Nf3 g6 3. g3 Bg7 4. Bg2 O-O 5. O-O d6 6. c4 Nbd7 7. Nc3 e5 8.
Qc2 c6 9. Rd1 Re8 10. b3 Qa5 11. Rb1 e4 12. Ng5 e3 13. Nge4 Nxe4 14. Nxe4
Rxe4 15. Bxe4 exf2+ 16. Kxf2 Qh5 17. Kg1 Nf6 18. Bf3 Bg4 19. Qb2 Qh3 20.
Bg2 Qh5 21. Bf3 Qh3 1/2-1/2

[Event "45th Capablanca Mem Open"]
[Site "Havana CUB"]
[Date "2010.06.12"]
[Round "3"]
[White "Vega,L"]
[Black "Llaudy Pupo,L"]
[Result "1-0"]
[WhiteElo "2357"]
[BlackElo "2224"]
[EventDate "2010.06.10"]

1. Nf3 Nf6 2. c4 e6 3. g3 b6 4. Bg2 Bb7 5. O-O Be7 6. b3 O-O 7. Bb2 c5 8.
d4 cxd4 9. Na3 d5 10. Nxd4 Qd7 11. Rc1 Rd8 12. cxd5 Bxa3 13. Bxa3 Bxd5 14.
Bxd5 Nxd5 15. Nf3 Nc6 16. e4 Ndb4 17. Qxd7 Rxd7 18. Rc4 a5 19. Rfc1 Ne7 20.
Bxb4 axb4 21. R1c2 f6 22. Rxb4 Rd6 23. Rc7 Kf8 24. a4 e5 25. Rb7 Ra6 26.
Rc4 Rc6 27. Nd2 Rd6 28. Rcc7 Re6 29. Nc4 h6 30. Nd6 Rxd6 31. Rxe7 g5 32.
Rh7 Kg8 33. Rxh6 1-0

[Event "45th Capablanca Mem Open"]
[Site "Havana CUB"]
[Date "2010.06.12"]
[Round "3"]
[White "Guerra Mojena,L"]
[Black "Llorente Pupo, Ramon"]
[Result "1/2-1/2"]
[WhiteElo "2254"]
[BlackElo "2338"]
[EventDate "2010.06.10"]

1. e4 e5 2. Bc4 Nf6 3. d3 c6 4. Nf3 d5 5. Bb3 Bb4+ 6. Bd2 Bxd2+ 7. Nbxd2
Nbd7 8. O-O O-O 9. Re1 Re8 10. Nf1 dxe4 11. dxe4 Qc7 12. Ng3 Nc5 13. Nh4 a5
14. Bc4 b5 15. Bf1 g6 16. Qd2 Ne6 17. a4 Rd8 18. Qc1 Nd4 19. Ne2 Nxe2+ 20.
Bxe2 b4 21. Qe3 Be6 22. Nf3 Bg4 23. h3 Bxf3 24. Qxf3 Kg7 25. Qe3 Rd4 26.
Bd3 Rad8 27. b3 Nd7 28. f3 Qd6 29. Kh1 h5 30. Bc4 c5 31. c3 bxc3 32. Qxc3
Qb6 33. Bb5 Nf8 34. Rac1 Ne6 35. Rc2 h4 36. Kh2 R8d6 37. Rec1 Qd8 38. Qe1
Rd2 39. Bf1 Qg5 40. Rxd2 Rxd2 41. Rd1 Qg3+ 42. Kg1 Rxd1 43. Qxd1 Nf4 44.
Kh1 Qf2 45. Qa1 f6 46. Qd1 Kh6 47. Qc1 Kg5 48. Qd1 Qe3 49. Bc4 Nh5 50. Bb5
Kf4 51. Kh2 Ng3 52. Bc4 Kg5 53. Bb5 Nh5 54. Bc4 Qf2 55. Qc1+ Nf4 56. Bf1
Kh5 57. Kh1 Kh6 58. Qd1 Nh5 59. Bc4 Ng3+ 60. Kh2 Qe3 61. Bb5 Qc3 62. Bc4
Nh5 63. Bf1 Nf4 64. Bc4 Qb2 65. Bf1 Qf2 66. Kh1 Ne6 67. Bc4 Nd4 68. Qc1+
Kg7 69. Qd1 Nc2 70. Qe2 Qxe2 71. Bxe2 Kh6 72. g3 Nd4 73. Bd1 Kg5 74. Kg2 f5
75. exf5 gxf5 76. Kf2 hxg3+ 77. Kxg3 f4+ 78. Kh2 Kh4 79. Kg2 Kg5 80. Kf2
Kh5 81. Kg1 Ne6 82. Bc2 Kh4 83. Kg2 Nd4 84. Bd1 Kh5 85. Kg1 Kg5 86. Kf2 Kf5
87. Ke1 Kg5 88. Kf2 Kh5 89. Kg1 Kg5 90. Kf2 Kh6 91. Ke1 Kh5 92. Kf2 Kh4 93.
Kg2 1/2-1/2

[Event "45th Capablanca Mem Open"]
[Site "Havana CUB"]
[Date "2010.06.12"]
[Round "3"]
[White "Fleites Marti,Y"]
[Black "Mena Crespo,C"]
[Result "1/2-1/2"]
[WhiteElo "2168"]
[BlackElo "2337"]
[EventDate "2010.06.10"]

1. e4 e5 2. Bc4 Nf6 3. Nc3 Nc6 4. d3 Na5 5. Nge2 Nxc4 6. dxc4 d6 7. O-O Be7
8. Ng3 O-O 9. Qd3 Be6 10. b3 Nd7 11. Bb2 Bg5 12. Rad1 a5 13. a4 Rc8 14. Nd5
Bxd5 15. Qxd5 b6 16. Ne2 Qe7 17. Ba3 Nf6 18. Qd3 Nh5 19. Nc3 Qe6 20. Nd5
Nf4 21. Nxf4 Bxf4 22. Bc1 Bxc1 23. Rxc1 f5 24. Rfe1 f4 25. Qd5 Kf7 26. f3
g5 27. h3 h5 28. Kf2 Ke7 29. Qxe6+ Kxe6 30. Rh1 Rh8 31. Ke2 Rh6 32. Rh2
Rch8 33. Rch1 Kf6 34. Kf2 Kg6 35. Ke2 g4 36. Rg1 Kg5 37. g3 fxg3 38. Rxg3
Kh4 39. Kf2 gxf3 40. Rxf3 Rg6 41. Rg2 Rhg8 42. Rxg6 Rxg6 43. Rf5 Rg8 44.
Rf3 Rg7 45. Rf5 Kxh3 46. Rxh5+ Kg4 47. Rf5 Rh7 48. Rf8 Rh2+ 49. Ke3 Rxc2
50. Rg8+ Kh3 51. Kd3 Rb2 52. Kc3 Rg2 53. Rh8+ Kg4 54. Rh7 Rg3+ 55. Kc2 Re3
56. Rxc7 Rxe4 57. Rc6 Rd4 58. Kc3 Kf3 59. Rxb6 Rd1 60. Kc2 Ke2 61. Rb5 e4
62. Rxa5 Rd2+ 63. Kc1 e3 64. Rh5 Kf3 65. Rh3+ Ke4 66. Rh6 Ra2 67. Re6+ Kf4
68. Kb1 Rd2 69. Kc1 Rf2 70. Kd1 Rd2+ 71. Ke1 Kf3 72. Rf6+ Ke4 73. Re6+ Kf4
74. a5 d5 75. cxd5 Ra2 76. Rc6 Kf3 77. Rf6+ Ke4 78. Re6+ Kd3 79. Kf1 Ra1+
80. Kg2 e2 81. d6 Rxa5 82. d7 Ra8 83. Re8 Rd8 84. Kf2 1/2-1/2

[Event "45th Capablanca Mem Open"]
[Site "Havana CUB"]
[Date "2010.06.12"]
[Round "3"]
[White "Espinosa Garcia,S"]
[Black "Olivares Canelles,Francisco"]
[Result "1/2-1/2"]
[WhiteElo "2134"]
[BlackElo "2328"]
[EventDate "2010.06.10"]

1. d4 d5 2. c4 e6 3. cxd5 exd5 4. Nc3 Nf6 5. Bg5 Be7 6. Nf3 O-O 7. e3 Nbd7
8. Bd3 Re8 9. O-O c6 10. Qc2 Nf8 11. Bxf6 Bxf6 12. b4 a6 13. Rab1 Bg4 14.
Nd2 Qd6 15. Nb3 Bd8 16. Rfc1 Bc7 17. g3 Qh6 18. Be2 Bc8 19. a4 Ne6 20. Nd2
Ng5 21. Nf3 Nh3+ 22. Kg2 Bd6 23. b5 axb5 24. axb5 Nxf2 25. Kxf2 Qxe3+ 26.
Kg2 Ra3 27. Bd3 Bg4 28. Rf1 g6 29. bxc6 bxc6 30. Rbd1 Qh6 31. Rfe1 Rea8 32.
Rb1 Qh3+ 33. Kf2 Bxf3 34. Kxf3 Rxc3 35. Qxc3 Qxh2 36. Rg1 Ra2 37. Qe1 Qh5+
38. g4 Qh3+ 39. Rg3 Qh4 40. Rg2 Qh3+ 41. Rg3 Qh2 42. Rd1 Qh6 43. g5 Qh5+
44. Rg4 Rg2 45. Kxg2 Qxg4+ 46. Kf1 Qf3+ 47. Kg1 Qg4+ 48. Kf1 Qf3+ 49. Kg1
Bf4 50. Bf1 Be3+ 51. Kh2 Bf4+ 52. Kg1 Bxg5 53. Rd3 Qg4+ 54. Bg2 Bf6 55.
Qe8+ Kg7 56. Qxc6 Bxd4+ 57. Kf1 Qh4 58. Rf3 Qh2 59. Rxf7+ Kxf7 60. Qxd5+
1/2-1/2

[Event "45th Capablanca Mem Open"]
[Site "Havana CUB"]
[Date "2010.06.12"]
[Round "3"]
[White "Castillo Coca,M"]
[Black "Ordunez Echarte,D"]
[Result "0-1"]
[WhiteElo "2106"]
[BlackElo "2322"]
[EventDate "2010.06.10"]

1. e4 c5 2. b3 Nc6 3. Bb2 e5 4. Bc4 d6 5. Nf3 g6 6. d3 Bg7 7. h3 a6 8. a4
Nf6 9. Nc3 O-O 10. O-O Rb8 11. Qd2 Nh5 12. Ne2 b5 13. axb5 axb5 14. Bd5 Ne7
15. Qa5 Nxd5 16. exd5 Bb7 17. Qxd8 Rfxd8 18. Ng5 h6 19. Ne4 f5 20. N4c3 b4
21. Nb5 Bxd5 22. Nc7 Bf7 23. Ra7 Rd7 24. Rfa1 Nf6 25. Ra8 Rxa8 26. Rxa8+
Kh7 27. Nb5 Bd5 28. Ra6 Ne8 29. Kf1 Bb7 30. Ra5 Bf6 31. f4 Bd8 32. Ra1 e4
33. d4 Bb6 34. Rd1 Bc6 35. c4 bxc3 36. Nbxc3 Rb7 37. d5 Bd7 38. Ra1 Bd8 39.
Ra3 Nc7 40. g4 Bf6 41. Bc1 Be8 42. g5 Bg7 43. gxh6 Kxh6 44. Bd2 Bf7 0-1

[Event "45th Capablanca Mem Open"]
[Site "Havana CUB"]
[Date "2010.06.12"]
[Round "3"]
[White "Rincon Gonzalez,Lu"]
[Black "Perez Perez,O"]
[Result "1-0"]
[WhiteElo "1900"]
[BlackElo "2318"]
[EventDate "2010.06.10"]

1. e4 c6 2. d4 d5 3. exd5 cxd5 4. c4 Nf6 5. Nc3 Nc6 6. Bg5 Be6 7. Nf3 Qa5
8. Qb3 O-O-O 9. Be2 Qb4 10. O-O dxc4 11. Qxb4 Nxb4 12. Rac1 a6 13. a3 Nc6
14. Bxf6 exf6 15. d5 Bxd5 16. Nxd5 Rxd5 17. Bxc4 Rd6 18. Rfe1 Kd8 19. Bxf7
Be7 20. Rc3 Rf8 21. Bc4 g5 22. h3 f5 23. Be6 h6 24. b4 Bf6 25. Rc2 Bg7 26.
Rce2 Bc3 27. Rc1 Bg7 28. Rc5 Re8 29. Bc4 Rd1+ 30. Kh2 g4 31. Rxe8+ Kxe8 32.
Nh4 Be5+ 33. g3 Rd2 34. Kg1 gxh3 35. Nf3 Rd1+ 36. Kh2 Nd4 37. Rxe5+ Kd7 38.
Rd5+ 1-0

[Event "45th Capablanca Mem Open"]
[Site "Havana CUB"]
[Date "2010.06.12"]
[Round "3"]
[White "Gil Suarez,J"]
[Black "Campos Vila,M"]
[Result "0-1"]
[WhiteElo "1752"]
[BlackElo "2178"]
[EventDate "2010.06.10"]

1. d4 Nf6 2. Bg5 e6 3. e3 h6 4. Bh4 c5 5. Nd2 Be7 6. c3 b6 7. Bd3 Bb7 8. e4
cxd4 9. cxd4 d6 10. Ne2 O-O 11. O-O Nbd7 12. h3 e5 13. d5 Nh5 14. Bg3 Nc5
15. Bc2 Nxg3 16. Nxg3 Ba6 17. Re1 g6 18. Ndf1 Rc8 19. b4 Nd7 20. Ne3 Bg5
21. Bd3 Bxd3 22. Qxd3 Qc7 23. Ne2 Bxe3 24. Qxe3 Kg7 25. Rec1 Qb7 26. Rxc8
Rxc8 27. Rc1 Rxc1+ 28. Qxc1 Qa6 29. Ng3 Qxa2 30. Qc6 Nf6 31. Qxd6 Qa1+ 32.
Kh2 h5 33. f4 h4 34. Nh1 Nxe4 35. Qe7 Qd4 36. Qxh4 exf4 37. Qxf4 Qxd5 38.
Ng3 Nxg3 39. Kxg3 a5 40. bxa5 bxa5 41. Kh2 Qc5 42. Kh1 Qc3 43. Qe4 Qa1+ 44.
Kh2 a4 45. h4 a3 46. h5 a2 47. hxg6 Qf6 0-1

[Event "45th Capablanca Mem Open"]
[Site "Havana CUB"]
[Date "2010.06.12"]
[Round "3"]
[White "Ramon Pita,V"]
[Black "Fernando,D"]
[Result "0-1"]
[WhiteElo "2267"]
[BlackElo "2494"]
[EventDate "2010.06.10"]

1. d4 Nf6 2. c4 e6 3. Nf3 b6 4. e3 Bb7 5. Bd3 d5 6. O-O Bd6 7. b3 O-O 8.
Bb2 Nbd7 9. Nc3 a6 10. Rc1 Ne4 11. cxd5 exd5 12. Ne2 Qe7 13. Ng3 Nxg3 14.
hxg3 Nf6 15. Nh4 g6 16. Nf3 Ng4 17. Re1 f5 18. Rc2 Rf7 19. Qe2 Qf8 20. Nh2
Nf6 21. Qd1 Qh6 22. Qc1 Qf8 23. Nf3 Re8 24. Ne5 Rg7 25. f3 Qe7 26. Kf2 Rf8
27. Rh1 Ne4+ 28. Bxe4 fxe4 29. f4 a5 30. Qd1 a4 31. Qe2 Ra8 32. Bc3 Ba6 33.
Qd2 Bb5 34. g4 Rf8 35. Kg3 h5 36. g5 Ra8 37. Rb2 Qe6 38. Rh4 axb3 39. axb3
Bxe5 40. dxe5 Rd7 41. b4 Bd3 42. b5 Rdd8 43. Bd4 Bc4 44. Bc3 Ra4 45. Qd1
Rda8 46. Rf2 Qf5 47. e6 Bxb5 48. e7 Kf7 49. Bf6 Ra3 50. Qc1 Bc4 51. Rc2 b5
52. Qd2 c5 53. Be5 Rd3 54. Qc1 Kxe7 55. Kh2 Ke6 56. g4 hxg4 57. Rh7 g3+ 58.
Kxg3 Raa3 59. Re2 d4 60. Kh2 Rdc3 61. Qd2 Bxe2 62. Bxd4 Rd3 63. Qc2 Bd1 64.
Qc1 Ra2+ 65. Bb2 Rb3 66. Qxd1 0-1

[Event "45th Capablanca Mem Open"]
[Site "Havana CUB"]
[Date "2010.06.12"]
[Round "3"]
[White "Lebredo Zaragoitia,G"]
[Black "Borges Mateos,J"]
[Result "1/2-1/2"]
[WhiteElo "2262"]
[BlackElo "2468"]
[EventDate "2010.06.10"]

1. Nf3 d5 2. d4 Nf6 3. c4 c6 4. e3 Bf5 5. Nc3 e6 6. Bd3 Bg6 7. O-O Nbd7 8.
b3 Bd6 9. Bb2 O-O 10. Bxg6 hxg6 11. Qe2 dxc4 12. Qxc4 Qe7 13. Ne2 e5 14.
dxe5 Nxe5 15. Nxe5 Bxe5 16. Bxe5 Qxe5 17. Qd4 Qe7 1/2-1/2

[Event "45th Capablanca Mem Open"]
[Site "Havana CUB"]
[Date "2010.06.12"]
[Round "3"]
[White "Guillen Ramirez,J"]
[Black "Obregon Rivero,J"]
[Result "0-1"]
[WhiteElo "2223"]
[BlackElo "2410"]
[EventDate "2010.06.10"]

1. e4 c5 2. Nf3 e6 3. b3 Nc6 4. Bb2 Nf6 5. e5 Nd5 6. Nc3 Nxc3 7. Bxc3 Be7
8. Bd3 b6 9. O-O Bb7 10. Qe2 Qc7 11. Rfe1 O-O-O 12. a3 g5 13. Red1 g4 14.
Ne1 h5 15. Ba6 Rhg8 16. a4 Bxa6 17. Qxa6+ Qb7 18. Qxb7+ Kxb7 19. Nd3 d5 20.
exd6 Bxd6 21. Re1 Bc7 22. Re4 Rge8 23. Bf6 Rd5 24. f4 Bd8 25. Bc3 Ne7 26.
Ne5 Rf8 27. Rf1 Bc7 28. Nc4 Rd7 29. d3 Nd5 30. Be5 Nb4 31. Bxc7 Kxc7 32.
Re2 a6 33. g3 b5 34. Na3 bxa4 35. bxa4 Rb8 36. Ree1 Nc6 37. Rb1 Rb4 38.
Rxb4 cxb4 39. Nb1 Nd4 40. Kf2 Nxc2 41. Rc1 b3 0-1

[Event "45th Capablanca Mem Open"]
[Site "Havana CUB"]
[Date "2010.06.12"]
[Round "3"]
[White "Pulvett,D"]
[Black "Rodriguez Garcia,V"]
[Result "0-1"]
[WhiteElo "2243"]
[BlackElo "2377"]
[EventDate "2010.06.10"]

1. e4 c5 2. Nc3 Nc6 3. f4 g6 4. Nf3 Bg7 5. Bb5 Nd4 6. O-O a6 7. Bd3 d6 8.
Nxd4 cxd4 9. Ne2 Nf6 10. Kh1 e5 11. c3 O-O 12. b4 Re8 13. cxd4 exd4 14. Ng3
h5 15. f5 h4 16. Ne2 Nxe4 17. fxg6 fxg6 18. Nf4 Bf5 19. Bc4+ Kh7 20. Qf3
Rc8 21. d3 Bg4 0-1

[Event "45th Capablanca Mem Open"]
[Site "Havana CUB"]
[Date "2010.06.12"]
[Round "3"]
[White "Marrero Lopez,Yan"]
[Black "Zepeda,L"]
[Result "1-0"]
[WhiteElo "2316"]
[BlackElo "2152"]
[EventDate "2010.06.10"]

1. e4 c5 2. Nf3 d6 3. d4 cxd4 4. Nxd4 Nf6 5. Nc3 a6 6. Bc4 e6 7. Bb3 Be7 8.
f4 O-O 9. Be3 Nbd7 10. Qf3 Nc5 11. O-O-O Qc7 12. g4 b5 13. e5 dxe5 14. fxe5
Bb7 15. exf6 Bxf3 16. fxe7 Bxh1 17. exf8=Q+ Rxf8 18. Rxh1 e5 19. Nf5 Nxb3+
20. axb3 Rc8 21. b4 g6 22. Nh6+ Kg7 23. Rf1 f6 24. Rxf6 Qc4 25. Rf7+ Kh8
26. Bg5 Rc6 27. Bf6+ Rxf6 28. Rxf6 Qxb4 29. g5 Qc5 30. Kb1 1-0

[Event "45th Capablanca Mem Open"]
[Site "Havana CUB"]
[Date "2010.06.12"]
[Round "3"]
[White "Cancio Bello Ayes,F"]
[Black "Flaquer,L"]
[Result "0-1"]
[WhiteElo "2075"]
[BlackElo "2316"]
[EventDate "2010.06.10"]

1. e4 c5 2. Nf3 Nc6 3. d4 cxd4 4. Nxd4 e5 5. Nb5 d6 6. c4 a6 7. N5a3 f5 8.
exf5 Bxf5 9. Be3 Nf6 10. Nc3 d5 11. cxd5 Bxa3 12. bxa3 Qa5 13. dxc6 Qxc3+
14. Bd2 Qxc6 15. Rc1 Qe4+ 16. Qe2 O-O 17. Qxe4 Bxe4 18. Bc4+ Bd5 19. O-O
Rac8 20. Bb3 b5 21. Rfe1 Rxc1 22. Rxc1 Rd8 23. Ba5 Rd7 24. Rc8+ Kf7 25. Rc7
Ke6 26. f3 Rxc7 27. Bxc7 Bxb3 28. axb3 Kd5 29. Kf2 Kd4 30. g3 Nd7 31. Ba5
Kd3 32. a4 Nb8 33. axb5 axb5 34. Bb4 Nc6 35. Bf8 g6 36. b4 Kc4 37. f4 exf4
38. gxf4 Nxb4 39. Kg3 Nd5 40. Bg7 Kd3 41. Kg4 b4 42. Ba1 Ke4 43. Kg5 Nxf4
44. Kh6 Kf3 45. Kxh7 Kg4 46. Kh6 b3 47. Bc3 g5 48. Bb2 Nd3 49. Bf6 b2 50.
h3+ Kh4 0-1

[Event "45th Capablanca Mem Open"]
[Site "Havana CUB"]
[Date "2010.06.12"]
[Round "3"]
[White "Vigoa Apecheche,Yan"]
[Black "Cueto Rodriguez,Y"]
[Result "1/2-1/2"]
[WhiteElo "2302"]
[BlackElo "2134"]
[EventDate "2010.06.10"]

1. Nf3 f5 2. d4 e6 3. c4 Nf6 4. Nc3 d5 5. e3 c6 6. Bd3 Bd6 7. Qc2 Ne4 8. a3
a5 9. Rb1 O-O 10. O-O Nd7 11. b4 axb4 12. axb4 Rf6 13. h3 Rg6 14. Rd1 Ng5
15. Nxg5 Qxg5 16. Bf1 Qh5 17. Kh1 dxc4 18. Bxc4 Nb6 19. Bf1 Nd5 20. Nxd5
exd5 21. b5 f4 22. exf4 Bxh3 23. gxh3 Qf3+ 24. Kh2 Bxf4+ 25. Bxf4 Qxf4+ 26.
Kh1 Qg5 27. Qxg6 hxg6 28. bxc6 bxc6 29. Rb2 Qf5 30. Bg2 Ra3 31. Rbd2 Rc3
32. Kg1 Rc2 33. Rxc2 Qxc2 34. Bf3 Qc3 35. Kg2 Kf7 36. Bg4 Kf6 37. Bf3 Kf5
38. Kg3 g5 39. Kg2 Kf4 40. Bg4 g6 41. Be2 Qc2 42. Bg4 Qc3 43. Be2 1/2-1/2

[Event "45th Capablanca Mem Open"]
[Site "Havana CUB"]
[Date "2010.06.12"]
[Round "3"]
[White "Gonzalez Vega,A"]
[Black "Gutierrez,L"]
[Result "0-1"]
[WhiteElo "2291"]
[BlackElo "2000"]
[EventDate "2010.06.10"]

1. d4 Nf6 2. c4 g6 3. Nc3 Bg7 4. e4 d6 5. Be2 O-O 6. Nf3 e5 7. d5 Nbd7 8.
Bg5 h6 9. Bh4 Kh7 10. Nd2 a5 11. O-O g5 12. Bg3 Rg8 13. Rb1 Nf8 14. a3 Ng6
15. Re1 Nf4 16. Bf1 h5 17. f3 Bh6 18. Bf2 g4 19. Kh1 gxf3 20. Nxf3 Ng4 21.
Bg1 Qf8 22. g3 Ng6 23. Bd3 h4 24. h3 hxg3 25. hxg4 Bxg4 26. Bf1 Qe7 27. Bh2
Nh4 28. Bg2 Nxf3 29. Bxg3 Nxe1 30. Qxe1 Rg6 31. Qf2 Rag8 32. Rf1 R8g7 33.
Bh2 Bf4 34. Bxf4 exf4 35. Qxf4 Qh4+ 36. Kg1 Rh6 37. Rf2 Bh3 38. Qh2 Rxg2+
0-1

[Event "45th Capablanca Mem Open"]
[Site "Havana CUB"]
[Date "2010.06.12"]
[Round "3"]
[White "Garcia Fuentes,S"]
[Black "Fernandez Cardoso,A"]
[Result "0-1"]
[WhiteElo "2169"]
[BlackElo "2416"]
[EventDate "2010.06.10"]

1. e4 c5 2. Nf3 Nc6 3. d4 cxd4 4. Nxd4 Nf6 5. Nc3 e5 6. Ndb5 d6 7. Bg5 a6
8. Na3 b5 9. Nd5 Be7 10. Bxf6 Bxf6 11. c4 Bg5 12. cxb5 Qa5+ 13. b4 Nxb4 14.
Nc4 Nc2+ 15. Ke2 Qa4 16. Ndb6 Nd4+ 17. Kd3 Qb4 18. Nxa8 O-O 19. h4 Bh6 20.
Rb1 Qc5 21. b6 d5 22. exd5 Bf5+ 23. Kc3 Bxb1 24. Qxb1 Rxa8 25. b7 Rb8 26.
Qb6 Nb5+ 27. Kc2 Qxd5 28. Qxa6 Rd8 29. Be2 Nd4+ 30. Kb2 Nxe2 31. Re1 Qd4+
32. Kb3 Qc3+ 33. Ka4 Qxe1 34. Qd6 Nc3+ 35. Kb3 Qd1+ 36. Kxc3 Rxd6 37. b8=Q+
Rd8 0-1

[Event "45th Capablanca Mem Open"]
[Site "Havana CUB"]
[Date "2010.06.12"]
[Round "3"]
[White "Romero Nunez,Wendy"]
[Black "Alarcon Casellas,Rol"]
[Result "0-1"]
[WhiteElo "2125"]
[BlackElo "2410"]
[EventDate "2010.06.10"]

1. d4 d5 2. c4 c6 3. cxd5 cxd5 4. Nc3 Nc6 5. Bf4 Nf6 6. Nf3 Bf5 7. e3 e6 8.
Bd3 Bxd3 9. Qxd3 Be7 10. h3 O-O 11. O-O a6 12. Rfc1 Rc8 13. Na4 Ne4 14. Qd1
b5 15. Nc3 Nd6 16. b3 Qb6 17. Ne5 Qb7 18. Nd3 Qa7 19. Ne2 Ne4 20. Ng3 Ba3
21. Rc2 Qe7 22. Nxe4 dxe4 23. Nc5 e5 24. Bg3 exd4 25. exd4 Nxd4 26. Qxd4
Bxc5 27. Rxc5 Qxc5 28. Qxc5 Rxc5 29. Bd6 Rc2 30. Bxf8 Kxf8 31. a4 Rb2 32.
axb5 axb5 33. Re1 Rxb3 34. Rxe4 Rb1+ 35. Kh2 b4 36. g3 b3 37. Rb4 Ke7 38.
Rb7+ Ke6 39. h4 Kd5 40. Rxf7 Kc6 41. Rf8 Rd1 42. Rb8 Rd3 43. Kg2 Kc5 44.
Kf1 Kc4 45. Rc8+ Kb4 46. Rb8+ Kc3 47. Rc8+ Kd2 48. Rb8 Kc2 49. Ke2 Rc3 0-1

[Event "45th Capablanca Mem Open"]
[Site "Havana CUB"]
[Date "2010.06.12"]
[Round "3"]
[White "Romero Echeverria,A"]
[Black "Pedersen,F"]
[Result "1/2-1/2"]
[WhiteElo "2054"]
[BlackElo "2315"]
[EventDate "2010.06.10"]

1. e4 c6 2. c4 d5 3. exd5 cxd5 4. cxd5 Nf6 5. Qa4+ Nbd7 6. Nc3 g6 7. Bc4
Bg7 8. d3 O-O 9. Nf3 a6 10. Qa3 Nb6 11. Qb3 Bg4 12. Ng5 Qc7 13. d6 exd6 14.
Bxf7+ Kh8 15. Be3 Nbd7 16. O-O Ne5 17. Be6 Qe7 18. h3 Bf5 19. Bxf5 gxf5 20.
Qe6 Rae8 21. Qxe7 Rxe7 22. Rad1 h6 23. Nf3 Nxf3+ 24. gxf3 Nh5 25. Rfe1 Rfe8
26. Kf1 b5 27. Bc1 Re5 28. f4 Rxe1+ 29. Rxe1 Rxe1+ 30. Kxe1 Nf6 31. a3 Kg8
32. Bd2 Kf7 33. Ke2 Ke6 34. Ke3 d5 35. Ne2 Ne8 36. Bc3 Kd6 1/2-1/2

[Event "45th Capablanca Mem Open"]
[Site "Havana CUB"]
[Date "2010.06.12"]
[Round "3"]
[White "Rincon Gonzalez,Li"]
[Black "Osorio,F"]
[Result "1/2-1/2"]
[WhiteElo "1847"]
[BlackElo "2232"]
[EventDate "2010.06.10"]

1. e4 d6 2. d4 c6 3. Nc3 Qc7 4. h3 Nd7 5. a4 e5 6. Nf3 Ngf6 7. Be3 Be7 8.
Be2 O-O 9. O-O b6 10. dxe5 dxe5 11. Bd3 Nc5 12. Bxc5 Bxc5 13. Ne2 h6 14.
Ng3 Be6 1/2-1/2

[Event "45th Capablanca Mem Open"]
[Site "Havana CUB"]
[Date "2010.06.12"]
[Round "3"]
[White "Lorenzana,W"]
[Black "Corrales Jimenez,Z"]
[Result "0-1"]
[WhiteElo "2218"]
[BlackElo "2166"]
[EventDate "2010.06.10"]

1. e4 c5 2. Nf3 Nc6 3. d4 cxd4 4. Nxd4 g6 5. Nc3 Bg7 6. Be3 Nf6 7. Bc4 d6
8. f3 O-O 9. Bb3 Bd7 10. Qd2 Ne5 11. h4 Rc8 12. O-O-O h5 13. Kb1 Qe8 14.
Bg5 Rc5 15. g4 hxg4 16. f4 Nc4 17. Qe2 Qc8 18. f5 gxf5 19. exf5 Ne5 20.
Bxf6 Bxf6 21. Ne4 Bxf5 22. Nxf5 Qxf5 23. Nxc5 dxc5 24. Bd5 Qh5 25. Rdf1 Bg7
26. Qb5 Rd8 27. Qxb7 e6 28. Bb3 Nf3 29. Rd1 Nd2+ 30. Ka1 Qe5 31. c3 Qxc3
32. Bxe6 Qf6 33. Bxg4 c4 34. Rh3 Qf4 35. Bh5 Nb3+ 36. Qxb3 cxb3 37. Rxd8+
Kh7 38. Rd1 Qe5 39. Rxb3 Qxh5 40. Rf1 a5 41. Rbf3 Qb5 42. R1f2 Kg8 43. Rxf7
Qc4 44. a3 Qc1+ 45. Ka2 Bxb2 46. Rf8+ Kg7 47. Rf1 Qc3 48. R1f3 Qd4 49. R8f4
Qb6 50. h5 Kh6 51. Re4 Bf6 52. Re2 a4 53. Rg2 Qe6+ 0-1